| 000 | 00621nam a2200241 4500 | ||
|---|---|---|---|
| 001 | 3629278 | ||
| 003 | ARRUPE | ||
| 005 | 20160212105830.0 | ||
| 008 | 760525s1973 fr 000 1 fre | ||
| 010 | _a 74183570 | ||
| 015 | _aF*** | ||
| 040 |
_aDLC _cDLC _dDLC |
||
| 050 | 0 | 0 |
_aPQ2679.O4 _bH2 |
| 082 | 0 | 0 | _a843/.9/14 |
| 100 | 1 |
_aSollers, Philippe, _d1936- _922278 |
|
| 245 | 1 | 0 |
_aH; _broman. |
| 260 |
_aParis, _bÉditions du Seuil _c[1973] |
||
| 300 |
_a184 p.; _c21 cm. |
||
| 350 | _a20.00F | ||
| 490 | 0 | _aCollection Tel quel | |
| 906 |
_a7 _bcbc _corignew _du _encip _f19 _gy-gencatlg |
||
| 942 |
_2lcc _cMONOGRAPH |
||
| 999 |
_c124171 _d124171 |
||